Únik mozgov oslabuje ich domoviny

Otvorenie hraníc s vyspelým svetom malo, okrem iného, za následok aj prudký nárast obchodu s ľudským kapitálom. Západné krajiny sa snažia výhodne získať tisíce expertov z východu. Zvyšovanie celosvetového dopytu po vzdelaných odborníkoch na medzinárodnom trhu práce. Únik mozgov zo Slovenska. Situáci...

ver descrição completa

Na minha lista:
Detalhes bibliográficos
Autor principal: Sotník, Alexander
Formato: Capítulo de Livro
Idioma:eslovaco
Assuntos:
Tags: Adicionar Tag
Sem tags, seja o primeiro a adicionar uma tag!

MARC

LEADER 00000naa$a2200000$$$4500
001 0095278
005 20231016085955.7
041 0 |a slo 
044 |a SK 
245 1 0 |a Únik mozgov oslabuje ich domoviny  |c Alexander Sotník 
520 |a Otvorenie hraníc s vyspelým svetom malo, okrem iného, za následok aj prudký nárast obchodu s ľudským kapitálom. Západné krajiny sa snažia výhodne získať tisíce expertov z východu. Zvyšovanie celosvetového dopytu po vzdelaných odborníkoch na medzinárodnom trhu práce. Únik mozgov zo Slovenska. Situácia na Slovensku. 
610 2 0 |a pracovníci kvalifikovaní 
610 2 0 |a pracovníci odborní 
610 2 0 |a únik mozgov 
610 2 0 |a stredná Európa 
610 2 0 |a východná Európa 
610 2 0 |a Slovensko 
610 2 0 |a krajiny vyspelé 
100 1 |a Sotník, Alexander